Vista normal
Vista MARC
Entrada Topical Term
Número de registros utilizados en: 1
001 - CONTROL NUMBER
- control field: 9134
003 - CONTROL NUMBER IDENTIFIER
- control field: OSt
005 - DATE AND TIME OF LATEST TRANSACTION
- control field: 20200824155358.0
008 - FIXED-LENGTH DATA ELEMENTS
- fixed length control field: 200824|| aca||aabn | a|a d
040 ## - CATALOGING SOURCE
- Original cataloging agency: OSt
- Transcribing agency: OSt
150 ## - HEADING--TOPICAL TERM
- Topical term or geographic name entry element: Acciones y defensas
- Geographic subdivision: Colombia
670 ## - SOURCE DATA FOUND
- Source citation: Work cat.: (OSt)4254: Ramírez Arcila, Carlos, autor 9132, Acción y acumulación de pretensiones / , 1978